000 01014nam a2200229Ii 4500
003 JO-AjNU
008 230605s9999||||xx |||||||||||||| ||und||
017 _a2007/8/2457
020 _a978-9957-32-371-4
040 _aJO-AjNU
_bara
_erda
_cJO-AjNU
041 _aara
050 1 4 _aHG4026.M6348 2008
100 3 _aعبدالهادي، محمد سعيد,
_eauthor
_930414
245 0 0 _aالادارة المالية : الاستثمار والتمويل، التحليل المالي، الاسواق المالية الدولية =Financial Management: investment,finance and financial analysis and international financial markets
250 _aط1
264 3 1 _aعمان: دار الحامد للنشر والتوزيع، 2008
300 _a330ص
_bيحتوي على ببلوغرافية ومسرد مصطلحات وملاحق من291-330ص
336 _atext
_btxt
_2rdacontent
337 _aunmediated
_bn
_2rdamedia
338 _avolume
_bnc
_2rdacarrier
650 4 _aالادارة المالية
_930415
999 _aA12054
_c15622
_d15622